Administración por calidad (APC) / Demetrio Sosa Pulido (Registro nro. 23676)
[ vista simple ]
| 000 -LÍDER | |
|---|---|
| fixed length control field | 00385nam a2200133 4500 |
| 020 ## - NÚMERO INTERNACIONAL NORMALIZADO PARA LIBROS | |
| ISBN | 968-18-3669-3 |
| 050 ## - SIGNATURA TOPOGRAFICA DE LA BIBLIOTECA DEL CONGRESO (LC) | |
| Número de Clasificación | HD62.15 S715 |
| 082 ## - NUMERO DE CLASIFICACION DECIMAL DEWEY | |
| Número de Clasificación | 658.562 S848a |
| 100 ## - ASIENTO PRINCIPAL--NOMBRE PERSONAL | |
| Nombre personal | Sosa Pulido, Demetrio |
| 245 ## - TÍTULO | |
| Título | Administración por calidad (APC) / Demetrio Sosa Pulido |
| 260 ## - PUBLICACIÓN, DISTRIBUCIÓN, ETC. (PIE DE IMPRENTA) | |
| Lugar de publicación, distribución, etc. | Mexico : Limusa |
| 300 ## - DESCRIPCIÓN FÍSICA | |
| Extensión | 151p. / 22 cm. |
| 650 ## - ASIENTO SECUNDARIO DE MATERIA - TERMINO TEMÁTICO | |
| Término temático o nombre geográfico como elemento de entrada | 1. CIENCIAS ADMINISTRATIVAS \ 2. CIENCIAS TECNICAS |
| No. biblioteca | No. biblioteca | Número de clasificación | Código de barras/Número de adquisición | Número de copia | Tipo de material |
|---|---|---|---|---|---|
| LUIS G. INCLAN | LUIS G. INCLAN | 658.562 S848a | 20066 | 1 | Libros |
